[Event "Wellington Open 2018"]
[Site "Wellington NZL"]
[Date "2018.03.30"]
[Round "1"]
[White "Lyall, Simon"]
[Black "Dive, Russell J"]
[Result "0-1"]
[WhiteElo "1734"]
[BlackElo "2318"]

1. e4 c6 2. Nc3 d5 3. Nf3 dxe4 4. Nxe4 Nd7 5. d4 Ngf6 6. Nc3 e6 7. Bd3 Bd6 8.
O-O O-O 9. Re1 Qc7 10. h3 a6 11. a3 b5 12. Na2 c5 13. c3 Bb7 14. Bg5 h6 15. Be3
Rfe8 16. Rc1 e5 17. dxc5 Nxc5 18. Bc2 Rad8 19. Qe2 Bd5 20. Ra1 Bc4 21. Qd1 Bf8
22. Qc1 a5 23. b4 Nd3 24. Bxd3 Rxd3 25. bxa5 Qxa5 26. Nb4 Rd7 27. Bd2 e4 28.
Nd4 Qa8 29. Nf5 Nd5 30. Ng3 Bd6 31. Nxe4 Rxe4 32. Rxe4 Nxb4 33. Rd4 Nc6 34. Re4
Bd5 35. Re1 Ne5 36. Qb1 Bxg2 37. Qxb5 Bxh3 {Black won on time} 0-1

[Event "Wellington Open 2018"]
[Site "Wellington NZL"]
[Date "2018.03.30"]
[Round "1"]
[White "Ker, Anthony F"]
[Black "Weiskopf, Philip"]
[Result "1-0"]
[WhiteElo "2307"]
[BlackElo "1710"]

1. e4 c5 2. c3 Nc6 3. d4 e6 4. d5 exd5 5. exd5 Nce7 6. d6 Nf5 7. Qe2+ Nge7 8.
Bf4 Qb6 9. dxe7 Bxe7 10. Na3 a6 11. g4 Nh4 12. O-O-O Qf6 13. Nh3 O-O 14. Bg5
Qc6 15. Bxe7 Re8 16. Rg1 Ng6 17. Bg2 Qa4 18. Qc4 Qxc4 19. Nxc4 Rxe7 20. Nd6 a5
21. Rge1 Re5 22. f4 Re7 23. Rxe7 Nxe7 24. Re1 Kf8 25. Ng5 Ra6 26. Nxc8 1-0

[Event "Wellington Open 2018"]
[Site "Wellington NZL"]
[Date "2018.03.30"]
[Round "1"]
[White "Chen, Wei Kai"]
[Black "Croad, Nicholas"]
[Result "0-1"]
[WhiteElo "1690"]
[BlackElo "2294"]

1. e4 c5 2. Nc3 Nc6 3. f4 g6 4. Nf3 Bg7 5. Bc4 e6 6. O-O Nge7 7. d3 a6 8. f5
gxf5 9. Ng5 Ne5 10. Bf4 N7g6 11. Nh3 fxe4 12. Bb3 d5 13. a4 Bd7 14. Qh5 Qh4 15.
Qe2 Qg4 16. Qf2 Nxf4 17. Nxf4 Nf3+ 18. Kh1 Qxf4 19. gxf3 Qxf3+ 20. Qxf3 exf3
21. Rxf3 Bc6 22. Rg3 Be5 23. Rg5 d4+ 24. Ne4 f6 25. Rh5 Ke7 26. Kg1 Bxe4 27.
dxe4 b5 28. axb5 axb5 29. Rxa8 Rxa8 30. Rxh7+ Kd6 31. Rb7 c4 32. Rxb5 cxb3 33.
Rxb3 Rg8+ 34. Kf2 Bxh2 35. Rb5 Rg5 36. Rb6+ Ke5 37. Ra6 Kxe4 38. Rxe6+ Be5 39.
b4 Rh5 40. Kg1 Kd5 0-1

[Event "Wellington Open 2018"]
[Site "Wellington NZL"]
[Date "2018.03.30"]
[Round "1"]
[White "Steadman, Michael V R"]
[Black "Sole, Michael D"]
[Result "0-1"]
[WhiteElo "2194"]
[BlackElo "1686"]

1. b4 e5 2. Bb2 Bxb4 3. Bxe5 Nf6 4. Nf3 O-O 5. e3 Re8 6. c4 Nc6 7. Bb2 d5 8.
Qb3 d4 9. Be2 dxe3 10. fxe3 Ng4 11. O-O Bxd2 12. Nfxd2 Rxe3 13. Qd1 Qh4 14.
Bxg4 Bxg4 15. Qc1 Rae8 16. Na3 Re2 17. Qc3 Rxg2+ 0-1

[Event "Wellington Open 2018"]
[Site "Wellington NZL"]
[Date "2018.03.30"]
[Round "1"]
[White "Ha, Huy Minh (Timothy)"]
[Black "Johnson, Quentin J F"]
[Result "1/2-1/2"]
[WhiteElo "1673"]
[BlackElo "2028"]

1. d4 Nf6 2. Nf3 e6 3. g3 d5 4. Bg2 c5 5. c3 Nc6 6. O-O Bd6 7. Nbd2 O-O 8. Re1
e5 9. dxe5 Nxe5 10. Nxe5 Bxe5 11. Nf3 Bc7 12. Bg5 Be6 13. Qa4 h6 14. Bf4 Re8
15. Bxc7 Qxc7 16. e3 Ne4 17. a3 Rad8 18. Qc2 Bf5 19. Nh4 Bh7 20. Bxe4 Bxe4 21.
Qd2 g5 22. Ng2 Qd7 23. f4 Qh3 24. Qf2 d4 25. exd4 cxd4 26. cxd4 Rxd4 27. Re2
Red8 28. fxg5 hxg5 29. Rae1 f5 30. Ne3 Rd3 31. Nf1 b6 32. Rd2 Qh7 33. Rxd3 Rxd3
34. Re3 Rd1 35. Re1 Rxe1 36. Qxe1 Qg7 37. Qd2 Qe7 38. Kf2 Kf7 39. Qc3 Qc5+ 40.
Qxc5 bxc5 41. Nd2 Bd5 42. Ke3 Kf6 43. Nb1 Ke5 44. Nc3 f4+ 45. gxf4+ gxf4+ 46.
Kd3 Bc6 47. Kc4 f3 48. Nd1 Kd6 49. Nf2 a6 50. h4 Bb5+ 51. Kc3 Ke5 52. Kd2 Kf4
53. h5 Kg5 54. Ne4+ Kxh5 55. Ke3 Kg4 56. Kf2 c4 57. Nd2 c3 58. bxc3 Be2 59. Nb3
Kf4 60. Nd2 Bd1 61. c4 Ke5 62. Ke3 Kd6 63. Kd4 Be2 64. Ne4+ Kc6 65. Ke3 a5 66.
Kd4 Bd1 67. Kc3 Be2 68. Kd4 Bf1 69. Kc3 Bh3 70. Kd4 Bf5 71. Nd2 Bg4 72. Ne4 Bh5
73. Kc3 Bg6 74. Nd2 f2 75. Kd4 Bf7 76. Ke3 Bxc4 77. Kxf2 Bd5 78. Ke1 Kb5 79.
Kd1 Ka4 80. Kc1 Kxa3 81. Kb1 1/2-1/2

[Event "Wellington Open 2018"]
[Site "Wellington NZL"]
[Date "2018.03.30"]
[Round "1"]
[White "James, Jack"]
[Black "Winter, Ryan"]
[Result "1-0"]
[WhiteElo "2019"]
[BlackElo "1668"]

1. b3 d5 2. Bb2 Nf6 3. e3 Bf5 4. f4 e6 5. Nf3 c5 6. h3 Nc6 7. Bb5 Qb6 8. Bxc6+
Qxc6 9. d3 h6 10. Nbd2 Be7 11. O-O Bh7 12. Ne5 Qc7 13. Qf3 O-O 14. Rae1 Rad8
15. Re2 b5 16. g4 Nd7 17. h4 Nxe5 18. Bxe5 Bd6 19. Bxd6 Qxd6 20. g5 hxg5 21.
hxg5 f6 22. Rh2 Bg6 23. Qg3 Rd7 24. Nf3 Rc7 25. gxf6 Rxf6 26. Ne5 Bf5 27. Rff2
Qxe5 28. fxe5 Rg6 29. Qxg6 Bxg6 30. Rh4 b4 31. a4 a5 32. Rhf4 Rc8 33. Rh4 Rc7
34. Rfh2 c4 35. bxc4 dxc4 36. dxc4 Be8 37. Rh8+ Kf7 38. Rf2+ Ke7 39. Rg8 g6 40.
Rf4 Rd7 41. Rg7+ Kd8 42. Rg8 Ke7 43. Rf6 Rd1+ 44. Kf2 Rd7 45. Ke1 Bf7 46. Ra8
Rc7 47. Rxa5 Rxc4 48. Ra7+ Ke8 49. Rfxf7 Rxc2 50. Rh7 1-0

[Event "Wellington Open 2018"]
[Site "Wellington NZL"]
[Date "2018.03.30"]
[Round "1"]
[White "Wevers, Alexis"]
[Black "Macdonald, Paul"]
[Result "0-1"]
[WhiteElo "1661"]
[BlackElo "2002"]

1. d4 d6 2. Bf4 g6 3. e3 Bg7 4. c3 Nf6 5. h3 O-O 6. Nf3 Nbd7 7. Bc4 c5 8. O-O
b6 9. Nbd2 Bb7 10. Re1 d5 11. Bd3 Rc8 12. Ne5 Nxe5 13. Bxe5 Qd7 14. c4 dxc4 15.
Nxc4 cxd4 16. exd4 Rfd8 17. Be2 Nd5 18. Bxg7 Kxg7 19. Ne5 Qd6 20. Qb3 e6 21.
Rac1 Nf6 22. Bb5 Bd5 23. Qa4 Qe7 24. Bc6 Rd6 25. Bxd5 Rxc1 26. Rxc1 Nxd5 27.
Nc6 Qd7 28. Qc4 Qb7 29. b4 b5 30. Qc5 Rd7 31. Ne5 Rc7 32. Nc6 Nxb4 33. Qe5+ Kg8
34. Qf6 Rxc6 35. Qd8+ Kg7 36. Rxc6 Nxc6 0-1

[Event "Wellington Open 2018"]
[Site "Wellington NZL"]
[Date "2018.03.30"]
[Round "1"]
[White "Timergazi, Layla"]
[Black "He, Caleb"]
[Result "1-0"]
[WhiteElo "1958"]
[BlackElo "1604"]

1. d4 Nf6 2. c4 g6 3. Nc3 Bg7 4. e4 d6 5. h3 Nbd7 6. Bg5 c5 7. d5 Nb6 8. Bd3 e6
9. Nf3 e5 10. Qd2 Bd7 11. O-O O-O 12. a3 a5 13. Rab1 Qc7 14. Rfc1 a4 15. b4
axb3 16. Rxb3 Ra6 17. Rcb1 Rb8 18. Qb2 Na4 19. Nxa4 Rxa4 20. Rxb7 Rxb7 21. Qxb7
Qxb7 22. Rxb7 Rxa3 23. Bxf6 Bxf6 24. Rxd7 Rxd3 25. Rxd6 Kg7 26. Rc6 Be7 27. Kf1
f6 28. Ke2 Ra3 29. d6 Bf8 30. d7 Be7 31. Rc8 Rc3 32. Nd2 Kf7 33. d8=Q Bxd8 34.
Rxd8 Ke7 35. Rd5 Ke6 36. Rxc5 Kd6 37. Rc8 Ke6 38. Re8+ Kf7 39. Rd8 Ke7 40. Rd5
Ke6 41. Rd3 Rc1 42. Rb3 Kd6 43. Kd3 Ke6 44. Rb6+ Kf7 45. Rb1 1-0

[Event "Wellington Open 2018"]
[Site "Wellington NZL"]
[Date "2018.03.30"]
[Round "1"]
[White "List, Robert"]
[Black "Wells, Clinton A"]
[Result "0-1"]
[WhiteElo "1591"]
[BlackElo "1930"]

1. e4 e6 2. d4 d5 3. e5 c5 4. c3 Nc6 5. Nf3 Bd7 6. Bd3 Qb6 7. O-O cxd4 8. Nxd4
Nxd4 9. cxd4 Qxd4 10. Nc3 Bb4 11. Nb5 Qxe5 12. Qg4 Ba5 13. Bf4 h5 14. Qf3 Qf6
15. Nd6+ Kf8 16. Qg3 h4 17. Qg4 Nh6 18. Bxh6 gxh6 19. Nxb7 Rg8 20. Qh3 Bb6 21.
Rac1 Qg5 22. Kh1 e5 23. Qf3 e4 24. Bxe4 dxe4 25. Qxe4 Re8 26. Qf3 Qe7 27. Qh5
Qg5 28. Qf3 Be6 29. Nd6 Bd5 0-1

[Event "Wellington Open 2018"]
[Site "Wellington NZL"]
[Date "2018.03.30"]
[Round "1"]
[White "Nyberg, Michael"]
[Black "Stracy, Don M"]
[Result "1-0"]
[WhiteElo "1920"]
[BlackElo "1575"]

1. d4 Nf6 2. e3 d5 3. Bd3 e6 4. f4 c5 5. c3 Nc6 6. Nf3 cxd4 7. cxd4 Nb4 8. Be2
Qc7 9. Na3 Be7 10. O-O O-O 11. Bd2 Bd7 12. Ne5 Rfd8 13. Rc1 Qb8 14. Qb3 Nc6 15.
Bd3 a6 16. Nb1 Nxe5 17. fxe5 Ne8 18. Nc3 b5 19. Bxh7+ Kxh7 20. Rxf7 Bg5 21.
Rcf1 Nd6 22. exd6 Qxd6 23. Qc2+ Kg8 24. Qg6 Bh6 25. e4 Be8 26. Bxh6 1-0

[Event "Wellington Open 2018"]
[Site "Wellington NZL"]
[Date "2018.03.30"]
[Round "1"]
[White "Day, Fabian"]
[Black "Goodhue, Nathan"]
[Result "0-1"]
[WhiteElo "1556"]
[BlackElo "1915"]

1. e4 g6 2. d4 Bg7 3. Be3 d6 4. Nc3 a6 5. Qf3 e6 6. a4 b6 7. Qg3 Ne7 8. O-O-O
d5 9. Bd3 Nbc6 10. exd5 exd5 11. Nf3 Nb4 12. Rhe1 Nxd3+ 13. Rxd3 O-O 14. Bf4
Ra7 15. Qh4 f6 16. g4 Nc6 17. Qg3 g5 18. Bd2 b5 19. h4 h6 20. Nd1 bxa4 21. Ne3
a5 22. Nf5 Bxf5 23. gxf5 Ne7 24. hxg5 Nxf5 25. Qg4 fxg5 26. Ne5 Ra6 27. Qh5 Nd6
28. f4 Nc4 29. Ng6 Re8 30. Rg1 Nxd2 31. Kxd2 Qf6 32. Ne5 Qxf4+ 33. Kd1 Rf8 34.
Ng6 Qf7 35. Rf3 Qxg6 36. Rxf8+ Bxf8 37. Qf3 Rd6 38. Rf1 Rd8 39. Qc3 Bd6 40.
Qxa5 Qe4 41. Re1 Qxd4+ 42. Kc1 Bf4+ 43. Kb1 Qd2 44. Qc5 Qxe1+ 45. Ka2 0-1

[Event "Wellington Open 2018"]
[Site "Wellington NZL"]
[Date "2018.03.30"]
[Round "1"]
[White "Jackson, L Ross"]
[Black "Weng, Xintong (Winston)"]
[Result "1/2-1/2"]
[WhiteElo "1893"]
[BlackElo "1489"]

1. d4 d5 2. c4 e6 3. Nc3 Nf6 4. cxd5 exd5 5. Bg5 Be7 6. e3 Be6 7. Bd3 O-O 8.
Nge2 c6 9. O-O Nbd7 10. Nf4 b5 11. Rc1 Nb6 12. Qc2 h6 13. Nxe6 fxe6 14. Bf4 Bd6
15. Ne2 Rc8 16. Bxd6 Qxd6 17. Nc3 a5 18. b3 b4 19. Ne2 Nbd7 20. Nf4 c5 21. dxc5
Rxc5 22. Qe2 Rfc8 23. Rxc5 Rxc5 24. Nh5 Rc3 25. Rd1 e5 26. Bb5 Nxh5 27. Qxh5
Nf6 28. Qf5 Qb6 29. Bd7 Nxd7 30. Qxd7 Qc6 31. Qd8+ Kh7 32. Qxa5 Rc1 33. Rf1
Rxf1+ 34. Kxf1 Qc1+ 35. Ke2 Qc2+ 36. Ke1 Qc1+ 37. Ke2 Qc2+ 38. Ke1 1/2-1/2

[Event "Wellington Open 2018"]
[Site "Wellington NZL"]
[Date "2018.03.30"]
[Round "1"]
[White "Xie, Felix"]
[Black "Aldridge, Alan L"]
[Result "1/2-1/2"]
[WhiteElo "1252"]
[BlackElo "1872"]

1. e4 e5 2. Nf3 Nc6 3. d4 exd4 4. Nxd4 Bc5 5. Nb3 Bb6 6. a4 a6 7. Nc3 d6 8. Bc4
Nf6 9. Bg5 h6 10. Bh4 Be6 11. Bxe6 fxe6 12. O-O O-O 13. Kh1 Qe8 14. f4 Qg6 15.
f5 exf5 16. exf5 Qf7 17. a5 Ba7 18. Bxf6 Qxf6 19. Qg4 Ne5 20. Qe4 c6 21. Qb4 d5
22. Rae1 Rf7 23. Qf4 Nc4 24. Qc1 Raf8 25. Rf3 Ne5 26. Rf4 Nc4 27. Rf3 Qh4 28.
Ref1 Rf6 29. Ne2 Bb8 30. g3 Qe4 31. Ned4 Re8 32. c3 Ba7 33. Kg1 c5 34. Nc2 Ref8
35. Nd2 Nxd2 36. Qxd2 Rxf5 37. Rxf5 Rxf5 38. Rxf5 Qxf5 39. Kg2 Qe4+ 40. Kh3 d4
41. cxd4 cxd4 42. Nb4 Qf5+ 43. Kg2 Qxa5 44. Qe1 Qf5 45. h3 Kh7 46. g4 Qg6 47.
Qe7 d3 48. Qxb7 d2 49. Qd5 Be3 50. Kf3 Bg5 51. h4 Qf6+ 52. Ke2 Bf4 53. Nd3 Qe7+
54. Kd1 Bd6 55. Kxd2 Bb4+ 56. Kc2 a5 57. h5 Qe2+ 58. Kb3 Qd1+ 59. Ka2 Qxg4 60.
Nxb4 axb4 61. Kb3 Qe2 62. Qf5+ Kg8 63. Qc8+ Kh7 64. Qf5+ Kg8 65. Qd5+ Kh8 66.
Qc4 Qxh5 67. Kxb4 Qe5 68. Ka3 Qd6+ 69. Ka4 g5 70. Qc8+ Kg7 71. b4 Qd4 72. Ka5
Qa1+ 73. Kb6 Qd1 74. b5 g4 75. Ka7 Qa4+ 76. Kb6 Qf4 77. Qb7+ Kg6 78. Ka7 g3 79.
b6 Qf2 80. Qc6+ Kg5 81. Qd5+ Kg4 82. Qg8+ Kh4 83. Qg6 h5 84. Qe4+ Kh3 85. Qh1+
Kg4 86. Qe4+ Kh3 87. Qh1+ Qh2 88. Qf1+ g2 89. Qf3+ Qg3 90. Qxh5+ Qh4 91. Qf3+
Kh2 92. Qe2 Kh1 93. Qf3 Kh2 94. Qe2 Qa4+ 95. Kb8 Qf4+ 1/2-1/2

[Event "Wellington Open 2018"]
[Site "Wellington NZL"]
[Date "2018.03.30"]
[Round "1"]
[White "Forster, William"]
[Black "Xu, Hannah"]
[Result "1-0"]
[WhiteElo "1867"]
[BlackElo "1120"]

1. d4 Nf6 2. c4 g6 3. Nc3 Bg7 4. e4 d6 5. Bd3 O-O 6. Nge2 e5 7. d5 Nbd7 8. O-O
a5 9. Rb1 Nc5 10. Bc2 b6 11. a3 Bd7 12. b4 Nb7 13. f3 c5 14. Be3 Qc7 15. Na4
Rfb8 16. Bf2 axb4 17. axb4 b5 18. cxb5 Bxb5 19. bxc5 Bxa4 20. Bxa4 Nxc5 21. Bc6
Rxb1 22. Qxb1 Rb8 23. Qc2 Qe7 24. Ra1 Qf8 25. Bxc5 dxc5 26. Ra5 Qe7 27. Qxc5
Qxc5+ 28. Rxc5 Rc8 29. Rc3 Bf8 30. Kf2 Bd6 31. Ke3 Kf8 32. Kd3 Ke7 33. g4 h6
34. Rb3 h5 35. g5 Nh7 36. h4 f6 37. gxf6+ Kxf6 38. Ng3 Ke7 39. Rb1 Bc5 40. Rb7+
Kd6 41. Rd7# 1-0